<?xml version="1.0" encoding="UTF-8"?>
<record
    xmlns:xsi="http://www.w3.org/2001/XMLSchema-instance"
    xsi:schemaLocation="http://www.loc.gov/MARC21/slim http://www.loc.gov/standards/marcxml/schema/MARC21slim.xsd"
    xmlns="http://www.loc.gov/MARC21/slim">

  <leader>00810    a2200181   4500</leader>
  <controlfield tag="001">142485</controlfield>
  <datafield tag="040" ind1=" " ind2=" ">
    <subfield code="c">Leonardo Da Vinci</subfield>
  </datafield>
  <datafield tag="041" ind1=" " ind2=" ">
    <subfield code="a">Portugu&#xEA;s</subfield>
  </datafield>
  <datafield tag="082" ind1=" " ind2=" ">
    <subfield code="a">v223</subfield>
  </datafield>
  <datafield tag="100" ind1=" " ind2=" ">
    <subfield code="a">EDUCACIONAL SHOP VIDEO</subfield>
  </datafield>
  <datafield tag="245" ind1=" " ind2=" ">
    <subfield code="a">Fun&#xE7;&#xF5;es trigonom&#xE9;tricas 2</subfield>
    <subfield code="b">ondas senoidais: o plano cartesiano vem a vida</subfield>
  </datafield>
  <datafield tag="250" ind1=" " ind2=" ">
    <subfield code="a">v.1-2</subfield>
  </datafield>
  <datafield tag="260" ind1=" " ind2=" ">
    <subfield code="b">ESV</subfield>
    <subfield code="a">S&#xE3;o Paulo</subfield>
  </datafield>
  <datafield tag="490" ind1=" " ind2=" ">
    <subfield code="a">TV Ontario</subfield>
  </datafield>
  <datafield tag="520" ind1=" " ind2=" ">
    <subfield code="a">As fun&#xE7;&#xF5;es de seno, co-seno e tangente s&#xE3;o introduzidas atrav&#xE9;s de
um exame em seus gr&#xE1;ficos no plano cartesiano. &#xC9; revelado que o gr&#xE1;fico
para co-seno pode ser transformado em um gr&#xE1;fico de seno atrav&#xE9;s de uma
fase de mudan&#xE7;a simples</subfield>
  </datafield>
  <datafield tag="697" ind1=" " ind2=" ">
    <subfield code="a">Fun&#xE7;&#xE3;o Trigonom&#xE9;trica</subfield>
    <subfield code="a">Medidas em radianos</subfield>
    <subfield code="a">Seno</subfield>
    <subfield code="a">Amplitude</subfield>
    <subfield code="a">Per&#xED;odo</subfield>
    <subfield code="a">Co-seno</subfield>
    <subfield code="a">Tangente</subfield>
    <subfield code="a">Ondas senoidais</subfield>
    <subfield code="a">Aplica&#xE7;&#xF5;es das ondas senoidais</subfield>
  </datafield>
  <datafield tag="942" ind1=" " ind2=" ">
    <subfield code="c">VM</subfield>
  </datafield>
  <datafield tag="952" ind1=" " ind2=" ">
    <subfield code="0">0</subfield>
    <subfield code="1">0</subfield>
    <subfield code="4">0</subfield>
    <subfield code="7">0</subfield>
    <subfield code="a">72.1</subfield>
    <subfield code="b">72.1</subfield>
    <subfield code="d">2024-03-27</subfield>
    <subfield code="l">0</subfield>
    <subfield code="o">v223</subfield>
    <subfield code="p">A0232LVA</subfield>
    <subfield code="r">2024-03-27 22:46:59</subfield>
    <subfield code="w">2024-03-27</subfield>
    <subfield code="y">VM</subfield>
  </datafield>
  <datafield tag="999" ind1=" " ind2=" ">
    <subfield code="c">142485</subfield>
    <subfield code="d">142485</subfield>
  </datafield>
</record>
